LEADER 01052nam a2200265 u 4500 001 000000009351 003 CaOOAMICUS 005 20070226105209.0 008 940516s1955 it u000 u ita u 035 $a10235494 040 $aPUL$bita 100 1 $aDuchêne, Enrico.$0(OLS)http://pul/name/9258 245 13$aLa cura dell'alcoolismo. 260 $a[Roma] :$bEdizioni Paoline,$c[1955] 300 $a111 p. ;$c18 cm 490 1 $aPsychologica (Edizioni Paoline) ;$v14 500 $aTrad. di Mario Ianuale. 650 4$aAlcoolismo$xTerapia.$0(OLS)http://pul/subject/7769 650 4$aPsicologia$xAlcoolismo.$0(OLS)http://pul/subject/7770 830 0$aPsychologica (Edizioni Paoline) ;$v14.$0(OLS)http://pul/title/13681 850 $aPUL 852 $aPUL$W1$xDP1 Fondo Pastorale$y55$mP19 F 14$j13260$nBK-PRI$b $qFondi$B13260$CPULBib$Z2$F13260 $HPUL323 $81 941 1 $a1 996 $6245$aLa cura dell'alcoolismo$9(OLS)http://pul/title/13747 996 $6260$a[Roma] :$bEdizioni Paoline$9(OLS)http://pul/publisher/51006 LEADER 01535nam a2200337 u 4500 001 000000062870 003 CaOOAMICUS 005 20070226121200.0 008 011012m19661968fr u000 u fre u 035 $a10906175 040 $aPUL(R)$bita 100 1 $aTrembelas, Panagiotis N.$0(OLS)http://pul/name/42762 245 10$aDogmatique de l'Eglise Orthodoxe Catholique /$cPanagiotis N. Trembelas ; traduction française par l'Archimandrite Pierre Dumont. 260 $aParis :$bDesclée,$cc1966-68. 300 $a3 v. ;$c22 cm 490 1 $aTextes et études théologiques 504 $aBibliografia in nota. 505 1 $av.1. Livre I-II -- v.2. Livre III-IV-V -- v.3. Livre VI-VII. 650 4$aChiese ortodosse.$0(OLS)http://pul/subject/23682 700 1 $aDumont, Pierre.$0(OLS)http://pul/name/42763 830 0$aTextes et études théologiques.$0(OLS)http://pul/title/10176 850 $aPUL 852 $aPUL$W1$xDP2 Religione 1$y63$m69 D 22$j145642$nBK-PRI$qStampati$B81657$CPULBib$Z2$F81657 $82 852 $aPUL$W1$xDP2 Religione 1$y63$m69 D 23$j145643$nBK-PRI$qStampati$B81658$CPULBib$Z2$F81658 $82 852 $aPUL$W1$xDP2 Religione 1$y63$m69 D 24$j145644$nBK-PRI$qStampati$B81659$CPULBib$Z2$F81659 $82 941 1 $a8 961 $aINV: 27672-32716-32717 961 $aINV: 27672-32716-32717 961 $aINV: 27672-32716-32717 996 $6245$aDogmatique de l'Eglise Orthodoxe Catholique$9(OLS)http://pul/title/83860 996 $6260$aParis :$bDesclée$9(OLS)http://pul/publisher/54080